000
00342nam a2200145Ia 4500
008
221030s9999 xx 000 0 und d
020
_a
1259029883
041
_a
English
100
_a
A. Kahate
245
0
_a
Cryptography & Network
_c
by A. Kahate
260
_b
TMH
_a
New Delhi
_c
2016
300
_a
501
650
_a
BE Computer
942
_c
BK
999
_c
17070
_d
17070